[Event "FIDE World Cup 2025"]
[Site "Goa, India"]
[Date "2025.11.03"]
[Round "3.4"]
[White "Henriquez Villagra, Cristobal"]
[Black "Agibileg, Uurtsaikh"]
[Result "1/2-1/2"]
[TimeControl ": 90 minutes for the first 40 moves, followed by 30 minutes for the rest of the gamewith an increment of 30 seconds per move starting from move 1"]
[WhiteFideId "3409350"]
[BlackFideId "4901606"]
[WhiteElo "2605"]
[BlackElo "2448"]

1. e4 {[%clk 00:15:18]} {[%emt 00:00:02]} e6 {[%clk 00:15:09]} {[%emt
00:00:12]} 2. d4 {[%clk 00:15:27]} {[%emt 00:00:01]} d5 {[%clk 00:15:16]}
{[%emt 00:00:03]} 3. e5 {[%clk 00:15:36]} c5 {[%clk 00:15:15]} {[%emt
00:00:12]} 4. c3 {[%clk 00:15:45]} Nc6 {[%clk 00:15:16]} {[%emt 00:00:09]} 5.
Nf3 {[%clk 00:15:53]} {[%emt 00:00:02]} Qb6 {[%clk 00:15:18]} {[%emt 00:00:08]}
6. Be2 {[%clk 00:16:01]} {[%emt 00:00:02]} Nge7 {[%clk 00:15:20]} {[%emt
00:00:08]} 7. Na3 {[%clk 00:15:43]} {[%emt 00:00:27]} cxd4 {[%clk 00:15:11]}
{[%emt 00:00:20]} 8. cxd4 {[%clk 00:15:51]} {[%emt 00:00:02]} Nf5 {[%clk
00:15:14]} {[%emt 00:00:06]} 9. Nc2 {[%clk 00:16:00]} {[%emt 00:00:02]} Bd7
{[%clk 00:15:05]} {[%emt 00:00:20]} 10. O-O {[%clk 00:14:57]} {[%emt 00:01:12]}
Rc8 {[%clk 00:13:47]} {[%emt 00:01:29]} 11. Kh1 {[%clk 00:14:52]} {[%emt
00:00:14]} Na5 {[%clk 00:13:36]} {[%emt 00:00:21]} 12. g4 {[%clk 00:10:04]}
{[%emt 00:04:57]} Ne7 {[%clk 00:13:35]} {[%emt 00:00:12]} 13. Ne3 {[%clk
00:07:07]} {[%emt 00:03:07]} Bb5 {[%clk 00:12:27]} {[%emt 00:01:17]} 14. b3
{[%clk 00:06:36]} {[%emt 00:00:43]} h5 {[%clk 00:12:24]} {[%emt 00:00:12]} 15.
gxh5 {[%clk 00:06:32]} {[%emt 00:00:14]} Rxh5 {[%clk 00:12:11]} {[%emt
00:00:23]} 16. Rg1 {[%clk 00:06:40]} {[%emt 00:00:01]} Bxe2 {[%clk 00:08:46]}
{[%emt 00:03:35]} 17. Qxe2 {[%clk 00:06:49]} {[%emt 00:00:02]} Nac6 {[%clk
00:08:54]} {[%emt 00:00:02]} 18. Bb2 {[%clk 00:06:18]} {[%emt 00:00:40]} Ng6
{[%clk 00:06:41]} {[%emt 00:02:24]} 19. Ng5 {[%clk 00:05:38]} {[%emt 00:00:51]}
Nf4 {[%clk 00:06:18]} {[%emt 00:00:32]} 20. Qf3 {[%clk 00:05:02]} {[%emt
00:00:45]} Rxg5 {[%clk 00:06:26]} {[%emt 00:00:02]} 21. Rxg5 {[%clk 00:04:47]}
{[%emt 00:00:26]} Nd3 {[%clk 00:06:35]} {[%emt 00:00:02]} 22. Nxd5 {[%clk
00:01:57]} {[%emt 00:03:00]} Qa6 {[%clk 00:06:43]} {[%emt 00:00:01]} 23. Bc3
{[%clk 00:01:00]} {[%emt 00:01:07]} exd5 {[%clk 00:06:45]} {[%emt 00:00:08]} 24.
e6 {[%clk 00:01:01]} {[%emt 00:00:10]} fxe6 {[%clk 00:06:04]} {[%emt 00:00:51]}
25. Rd1 {[%clk 00:01:08]} {[%emt 00:00:02]} Nce5 {[%clk 00:05:57]} {[%emt
00:00:17]} 26. dxe5 {[%clk 00:00:50]} {[%emt 00:00:29]} Rxc3 {[%clk 00:06:02]}
{[%emt 00:00:05]} 27. Rg3 {[%clk 00:00:58]} Qxa2 {[%clk 00:03:08]} {[%emt
00:03:04]} 28. Rxd3 {[%clk 00:01:03]} {[%emt 00:00:06]} Rxd3 {[%clk 00:03:15]}
{[%emt 00:00:02]} 29. Qxd3 {[%clk 00:01:11]} {[%emt 00:00:02]} Qxf2 {[%clk
00:03:22]} {[%emt 00:00:04]} 30. Rf3 {[%clk 00:00:43]} {[%emt 00:00:39]} Qe1+
{[%clk 00:02:54]} {[%emt 00:00:37]} 31. Kg2 {[%clk 00:00:52]} Be7 {[%clk
00:02:24]} {[%emt 00:00:41]} 32. Qb5+ {[%clk 00:00:18]} {[%emt 00:00:43]} Kd8
{[%clk 00:02:32]} {[%emt 00:00:02]} 33. Qxb7 {[%clk 00:00:24]} {[%emt
00:00:05]} Qe2+ {[%clk 00:02:36]} {[%emt 00:00:05]} 1/2-1/2

[Event "FIDE World Cup 2025"]
[Site "Goa, India"]
[Date "2025.11.03"]
[Round "3.5"]
[White "Cori, Jorge"]
[Black "Ansat, Aldiyar"]
[Result "1-0"]
[TimeControl ": 90 minutes for the first 40 moves, followed by 30 minutes for the rest of the gamewith an increment of 30 seconds per move starting from move 1"]
[WhiteFideId "3802272"]
[BlackFideId "13715658"]
[WhiteElo "2594"]
[BlackElo "2470"]

1. d4 {[%clk 00:15:18]} {[%emt 00:00:02]} Nf6 {[%clk 00:15:19]} 2. Nf3 {[%clk
00:15:27]} {[%emt 00:00:02]} e6 {[%clk 00:15:28]} {[%emt 00:00:02]} 3. e3
{[%clk 00:15:36]} {[%emt 00:00:01]} d5 {[%clk 00:15:34]} {[%emt 00:00:04]} 4.
Bd3 {[%clk 00:15:44]} {[%emt 00:00:01]} Be7 {[%clk 00:15:33]} {[%emt 00:00:11]}
5. O-O {[%clk 00:15:49]} {[%emt 00:00:05]} O-O {[%clk 00:15:40]} {[%emt
00:00:02]} 6. b3 {[%clk 00:15:57]} {[%emt 00:00:02]} b6 {[%clk 00:15:31]}
{[%emt 00:00:18]} 7. Bb2 {[%clk 00:16:05]} {[%emt 00:00:04]} Bb7 {[%clk
00:15:39]} 8. Nbd2 {[%clk 00:16:13]} {[%emt 00:00:02]} Ne4 {[%clk 00:15:10]}
{[%emt 00:00:39]} 9. c4 {[%clk 00:16:19]} {[%emt 00:00:04]} Nxd2 {[%clk
00:14:17]} {[%emt 00:01:03]} 10. Qxd2 {[%clk 00:15:40]} {[%emt 00:00:50]} Nd7
{[%clk 00:14:21]} {[%emt 00:00:06]} 11. cxd5 {[%clk 00:15:33]} {[%emt
00:00:16]} exd5 {[%clk 00:14:30]} {[%emt 00:00:02]} 12. Rac1 {[%clk 00:15:42]}
c5 {[%clk 00:14:04]} {[%emt 00:00:36]} 13. Rfd1 {[%clk 00:15:29]} {[%emt
00:00:23]} Re8 {[%clk 00:10:25]} {[%emt 00:03:49]} 14. h3 {[%clk 00:13:44]}
{[%emt 00:01:55]} Bf8 {[%clk 00:10:07]} {[%emt 00:00:27]} 15. Qc2 {[%clk
00:13:21]} {[%emt 00:00:34]} h6 {[%clk 00:09:55]} {[%emt 00:00:22]} 16. Bh7+
{[%clk 00:13:30]} Kh8 {[%clk 00:10:04]} {[%emt 00:00:01]} 17. Bf5 {[%clk
00:13:39]} {[%emt 00:00:01]} Kg8 {[%clk 00:07:19]} {[%emt 00:02:55]} 18. Qb1
{[%clk 00:10:01]} {[%emt 00:03:48]} Nf6 {[%clk 00:06:01]} {[%emt 00:01:28]} 19.
Ne5 {[%clk 00:08:08]} {[%emt 00:02:03]} cxd4 {[%clk 00:01:07]} {[%emt
00:05:04]} 20. Bxd4 {[%clk 00:06:59]} {[%emt 00:01:20]} Ba3 {[%clk 00:00:57]}
{[%emt 00:00:19]} 21. Rc2 {[%clk 00:06:54]} {[%emt 00:00:14]} Qe7 {[%clk
00:00:49]} {[%emt 00:00:19]} 22. Nd3 {[%clk 00:06:32]} {[%emt 00:00:32]} Ne4
{[%clk 00:00:53]} {[%emt 00:00:06]} 23. b4 {[%clk 00:05:25]} {[%emt 00:01:17]}
Ba6 {[%clk 00:00:34]} {[%emt 00:00:29]} 24. Nf4 {[%clk 00:03:53]} {[%emt
00:01:42]} Qxb4 {[%clk 00:00:22]} {[%emt 00:00:23]} 25. Qa1 {[%clk 00:02:52]}
{[%emt 00:01:11]} Qf8 {[%clk 00:00:31]} 26. Nxd5 {[%clk 00:03:00]} {[%emt
00:00:01]} Bb7 {[%clk 00:00:13]} {[%emt 00:00:28]} 27. Nc7 {[%clk 00:02:54]}
{[%emt 00:00:16]} Rec8 {[%clk 00:00:19]} {[%emt 00:00:04]} 28. Be5 {[%clk
00:02:32]} {[%emt 00:00:32]} Rab8 {[%clk 00:00:15]} {[%emt 00:00:14]} 29. Bxc8
{[%clk 00:01:49]} {[%emt 00:00:53]} Rxc8 {[%clk 00:00:25]} 30. Rc4 {[%clk
00:01:58]} {[%emt 00:00:01]} Ng5 {[%clk 00:00:13]} {[%emt 00:00:22]} 31. h4
{[%clk 00:01:54]} {[%emt 00:00:14]} Nh7 {[%clk 00:00:11]} {[%emt 00:00:12]} 32.
Rg4 {[%clk 00:02:01]} {[%emt 00:00:03]} g5 {[%clk 00:00:13]} {[%emt 00:00:09]}
33. Qb1 {[%clk 00:01:07]} {[%emt 00:01:04]} Qe7 {[%clk 00:00:20]} {[%emt
00:00:02]} 34. Nb5 {[%clk 00:00:52]} {[%emt 00:00:25]} Qxe5 {[%clk 00:00:26]}
{[%emt 00:00:04]} 35. Nxa3 {[%clk 00:01:01]} {[%emt 00:00:01]} Nf6 {[%clk
00:00:30]} {[%emt 00:00:07]} 36. Rgd4 {[%clk 00:01:08]} {[%emt 00:00:03]} Rc5
{[%clk 00:00:11]} {[%emt 00:00:28]} 37. Nc4 {[%clk 00:01:13]} {[%emt 00:00:05]}
Qe7 {[%clk 00:00:12]} {[%emt 00:00:08]} 38. Nd6 {[%clk 00:01:22]} {[%emt
00:00:02]} Bc8 {[%clk 00:00:11]} {[%emt 00:00:12]} 39. hxg5 {[%clk 00:01:18]}
{[%emt 00:00:13]} hxg5 {[%clk 00:00:20]} {[%emt 00:00:01]} 40. Nxc8 {[%clk
00:00:51]} {[%emt 00:00:38]} Rxc8 {[%clk 00:00:29]} {[%emt 00:00:06]} 41. Qf5
{[%clk 00:00:59]} Rc5 {[%clk 00:00:34]} {[%emt 00:00:03]} 42. Qh3 {[%clk
00:01:04]} {[%emt 00:00:04]} Kg7 {[%clk 00:00:34]} {[%emt 00:00:11]} 43. Rd8
{[%clk 00:01:12]} {[%emt 00:00:02]} g4 {[%clk 00:00:20]} {[%emt 00:00:24]} 44.
Qh8+ {[%clk 00:00:52]} {[%emt 00:00:30]} Kg6 {[%clk 00:00:30]} 45. R8d6 {[%clk
00:00:49]} {[%emt 00:00:14]} Kf5 {[%clk 00:00:15]} {[%emt 00:00:24]} 46. g3
{[%clk 00:00:28]} {[%emt 00:00:31]} Qe5 {[%clk 00:00:15]} {[%emt 00:00:10]} 47.
R1d4 {[%clk 00:00:18]} {[%emt 00:00:21]} Rc1+ {[%clk 00:00:12]} {[%emt
00:00:13]} 48. Kg2 {[%clk 00:00:27]} Kg6 {[%clk 00:00:13]} {[%emt 00:00:09]} 49.
Rxg4+ {[%clk 00:00:33]} {[%emt 00:00:04]} 1-0

[Event "FIDE World Cup 2025"]
[Site "Goa, India"]
[Date "2025.11.03"]
[Round "3.6"]
[White "Grigoryan, Karen H."]
[Black "Adly, Ahmed"]
[Result "0-1"]
[TimeControl ": 90 minutes for the first 40 moves, followed by 30 minutes for the rest of the gamewith an increment of 30 seconds per move starting from move 1"]
[WhiteFideId "13301004"]
[BlackFideId "10601619"]
[WhiteElo "2481"]
[BlackElo "2589"]

1. g3 {[%clk 00:15:17]} {[%emt 00:00:03]} Nf6 {[%clk 00:15:18]} {[%emt
00:00:03]} 2. Bg2 {[%clk 00:15:24]} {[%emt 00:00:02]} d5 {[%clk 00:15:27]}
{[%emt 00:00:03]} 3. d3 {[%clk 00:15:24]} {[%emt 00:00:09]} c5 {[%clk
00:15:35]} {[%emt 00:00:02]} 4. Nd2 {[%clk 00:15:29]} {[%emt 00:00:04]} Nc6
{[%clk 00:15:43]} {[%emt 00:00:03]} 5. e4 {[%clk 00:15:37]} {[%emt 00:00:02]}
g6 {[%clk 00:15:51]} {[%emt 00:00:02]} 6. Ne2 {[%clk 00:15:25]} {[%emt
00:00:22]} Bg7 {[%clk 00:15:58]} {[%emt 00:00:03]} 7. O-O {[%clk 00:15:31]}
{[%emt 00:00:03]} O-O {[%clk 00:16:06]} {[%emt 00:00:03]} 8. exd5 {[%clk
00:15:01]} {[%emt 00:00:40]} Nxd5 {[%clk 00:16:14]} {[%emt 00:00:02]} 9. Nb3
{[%clk 00:15:08]} {[%emt 00:00:02]} Qd6 {[%clk 00:16:03]} {[%emt 00:00:21]} 10.
a3 {[%clk 00:14:23]} {[%emt 00:00:55]} b6 {[%clk 00:15:15]} {[%emt 00:00:59]}
11. c4 {[%clk 00:14:27]} {[%emt 00:00:05]} Nc7 {[%clk 00:15:23]} {[%emt
00:00:02]} 12. Nc3 {[%clk 00:13:44]} {[%emt 00:00:53]} Bf5 {[%clk 00:14:52]}
{[%emt 00:00:41]} 13. Bf4 {[%clk 00:12:16]} {[%emt 00:01:38]} Qd7 {[%clk
00:14:18]} {[%emt 00:00:45]} 14. Qf3 {[%clk 00:11:45]} {[%emt 00:00:40]} Ne5
{[%clk 00:13:39]} {[%emt 00:00:49]} 15. Qe3 {[%clk 00:11:01]} {[%emt 00:00:54]}
Ng4 {[%clk 00:13:29]} {[%emt 00:00:19]} 16. Qe2 {[%clk 00:10:58]} {[%emt
00:00:14]} Bxd3 {[%clk 00:10:10]} {[%emt 00:03:29]} 17. Rfd1 {[%clk 00:09:44]}
{[%emt 00:01:23]} Rad8 {[%clk 00:10:19]} {[%emt 00:00:02]} 18. Rxd3 {[%clk
00:09:32]} {[%emt 00:00:21]} Qxd3 {[%clk 00:10:28]} {[%emt 00:00:03]} 19. Qxg4
{[%clk 00:09:23]} {[%emt 00:00:18]} Qxc4 {[%clk 00:10:36]} {[%emt 00:00:02]} 20.
Qe2 {[%clk 00:07:57]} {[%emt 00:01:37]} Qxe2 {[%clk 00:09:43]} {[%emt
00:01:03]} 21. Nxe2 {[%clk 00:08:05]} {[%emt 00:00:01]} Ne6 {[%clk 00:09:51]}
{[%emt 00:00:02]} 22. Be3 {[%clk 00:05:56]} {[%emt 00:02:19]} Rd3 {[%clk
00:08:59]} {[%emt 00:01:02]} 23. Nd2 {[%clk 00:05:02]} {[%emt 00:01:04]} Rfd8
{[%clk 00:09:08]} {[%emt 00:00:02]} 24. Nf1 {[%clk 00:04:27]} {[%emt 00:00:44]}
Bxb2 {[%clk 00:07:19]} {[%emt 00:02:00]} 25. Ra2 {[%clk 00:04:35]} {[%emt
00:00:02]} Bg7 {[%clk 00:07:12]} {[%emt 00:00:16]} 26. Nd2 {[%clk 00:04:36]}
{[%emt 00:00:09]} b5 {[%clk 00:06:28]} {[%emt 00:00:55]} 27. Bc6 {[%clk
00:04:42]} {[%emt 00:00:03]} a6 {[%clk 00:06:11]} {[%emt 00:00:28]} 28. a4
{[%clk 00:04:20]} {[%emt 00:00:32]} b4 {[%clk 00:06:12]} {[%emt 00:00:09]} 29.
Nc1 {[%clk 00:04:28]} {[%emt 00:00:02]} Rc3 {[%clk 00:06:01]} {[%emt 00:00:19]}
30. Ne2 {[%clk 00:04:04]} {[%emt 00:00:34]} Ra3 {[%clk 00:06:10]} {[%emt
00:00:02]} 31. Rc2 {[%clk 00:04:12]} {[%emt 00:00:02]} b3 {[%clk 00:06:19]}
{[%emt 00:00:02]} 32. Rc1 {[%clk 00:00:42]} {[%emt 00:03:39]} b2 {[%clk
00:05:59]} {[%emt 00:00:29]} 33. Rd1 {[%clk 00:00:51]} {[%emt 00:00:02]} Ra1
{[%clk 00:06:00]} {[%emt 00:00:09]} 34. Rf1 {[%clk 00:00:43]} {[%emt 00:00:18]}
Rxd2 {[%clk 00:06:04]} {[%emt 00:00:06]} 0-1

[Event "FIDE World Cup 2025"]
[Site "Goa, India"]
[Date "2025.11.03"]
[Round "3.7"]
[White "Neiksans, Arturs"]
[Black "Suleymenov, Alisher"]
[Result "1/2-1/2"]
[TimeControl ": 90 minutes for the first 40 moves, followed by 30 minutes for the rest of the gamewith an increment of 30 seconds per move starting from move 1"]
[WhiteFideId "11601388"]
[BlackFideId "13707833"]
[WhiteElo "2585"]
[BlackElo "2491"]

1. e4 {[%clk 00:15:18]} {[%emt 00:00:02]} e5 {[%clk 00:15:18]} {[%emt
00:00:01]} 2. Nf3 {[%clk 00:15:26]} {[%emt 00:00:02]} Nf6 {[%clk 00:15:26]}
{[%emt 00:00:01]} 3. Nxe5 {[%clk 00:15:35]} {[%emt 00:00:03]} d6 {[%clk
00:15:34]} 4. Nf3 {[%clk 00:15:43]} {[%emt 00:00:01]} Nxe4 {[%clk 00:15:43]}
{[%emt 00:00:02]} 5. d4 {[%clk 00:15:52]} {[%emt 00:00:02]} d5 {[%clk
00:15:51]} {[%emt 00:00:02]} 6. Bd3 {[%clk 00:16:00]} Bf5 {[%clk 00:16:00]}
{[%emt 00:00:02]} 7. O-O {[%clk 00:16:02]} {[%emt 00:00:08]} Be7 {[%clk
00:16:08]} {[%emt 00:00:02]} 8. Re1 {[%clk 00:16:00]} {[%emt 00:00:12]} O-O
{[%clk 00:16:11]} {[%emt 00:00:07]} 9. Nbd2 {[%clk 00:16:02]} {[%emt 00:00:08]}
Nd6 {[%clk 00:16:16]} {[%emt 00:00:05]} 10. Nf1 {[%clk 00:15:54]} {[%emt
00:00:17]} c6 {[%clk 00:16:23]} {[%emt 00:00:03]} 11. Ng3 {[%clk 00:15:47]}
{[%emt 00:00:17]} Bxd3 {[%clk 00:15:16]} {[%emt 00:01:17]} 12. Qxd3 {[%clk
00:15:55]} {[%emt 00:00:02]} Nd7 {[%clk 00:14:45]} {[%emt 00:00:42]} 13. Bf4
{[%clk 00:15:55]} {[%emt 00:00:10]} Nf6 {[%clk 00:13:36]} {[%emt 00:01:19]} 14.
Qb3 {[%clk 00:13:59]} {[%emt 00:02:07]} Rb8 {[%clk 00:11:54]} {[%emt 00:01:52]}
15. Re2 {[%clk 00:09:09]} {[%emt 00:05:00]} Re8 {[%clk 00:11:16]} {[%emt
00:00:48]} 16. Rae1 {[%clk 00:09:15]} {[%emt 00:00:04]} Bf8 {[%clk 00:11:17]}
{[%emt 00:00:08]} 17. Rxe8 {[%clk 00:09:02]} Nfxe8 {[%clk 00:11:26]} {[%emt
00:00:25]} 18. Qd3 {[%clk 00:08:25]} {[%emt 00:00:47]} Nf6 {[%clk 00:09:53]}
{[%emt 00:01:43]} 19. h4 {[%clk 00:06:24]} {[%emt 00:02:11]} Rc8 {[%clk
00:09:30]} {[%emt 00:00:33]} 20. c3 {[%clk 00:04:49]} {[%emt 00:01:46]} Nde4
{[%clk 00:08:46]} {[%emt 00:00:54]} 21. Ng5 {[%clk 00:04:12]} {[%emt 00:00:47]}
Nxg3 {[%clk 00:08:26]} {[%emt 00:00:30]} 22. Qxg3 {[%clk 00:03:58]} {[%emt
00:00:23]} h6 {[%clk 00:08:18]} {[%emt 00:00:18]} 23. Nf3 {[%clk 00:03:52]}
{[%emt 00:00:17]} Qd7 {[%clk 00:07:11]} {[%emt 00:01:16]} 24. Ne5 {[%clk
00:03:00]} {[%emt 00:01:02]} Qf5 {[%clk 00:07:19]} {[%emt 00:00:02]} 25. Bxh6
{[%clk 00:01:49]} {[%emt 00:01:22]} Ne4 {[%clk 00:06:00]} {[%emt 00:01:29]} 26.
Qf3 {[%clk 00:01:01]} {[%emt 00:00:57]} Qxf3 {[%clk 00:05:13]} {[%emt
00:00:58]} 27. gxf3 {[%clk 00:01:10]} {[%emt 00:00:01]} Nxc3 {[%clk 00:05:00]}
{[%emt 00:00:22]} 28. Bxg7 {[%clk 00:01:01]} {[%emt 00:00:19]} Bxg7 {[%clk
00:04:52]} {[%emt 00:00:18]} 29. bxc3 {[%clk 00:01:10]} {[%emt 00:00:01]} Re8
{[%clk 00:04:47]} {[%emt 00:00:15]} 30. f4 {[%clk 00:00:45]} {[%emt 00:00:35]}
Bh6 {[%clk 00:04:50]} {[%emt 00:00:07]} 31. Rb1 {[%clk 00:00:40]} {[%emt
00:00:14]} Bxf4 {[%clk 00:03:59]} {[%emt 00:01:02]} 32. Rxb7 {[%clk 00:00:49]}
Bxe5 {[%clk 00:04:02]} {[%emt 00:00:06]} 33. dxe5 {[%clk 00:00:58]} Rxe5 {[%clk
00:04:09]} {[%emt 00:00:03]} 34. Rxa7 {[%clk 00:01:02]} {[%emt 00:00:07]} Re4
{[%clk 00:04:12]} {[%emt 00:00:07]} 35. Kf1 {[%clk 00:00:56]} {[%emt 00:00:16]}
Rc4 {[%clk 00:04:04]} {[%emt 00:00:19]} 36. Ra3 {[%clk 00:01:04]} {[%emt
00:00:01]} Rxh4 {[%clk 00:03:56]} {[%emt 00:00:19]} 37. Ke2 {[%clk 00:01:12]}
{[%emt 00:00:02]} Rc4 {[%clk 00:03:21]} {[%emt 00:00:45]} 38. Rb3 {[%clk
00:00:52]} {[%emt 00:00:31]} Kg7 {[%clk 00:02:50]} {[%emt 00:00:40]} 39. Kd3
{[%clk 00:01:00]} {[%emt 00:00:02]} Rf4 {[%clk 00:02:35]} {[%emt 00:00:24]} 40.
Rb2 {[%clk 00:00:51]} {[%emt 00:00:20]} Kf6 {[%clk 00:02:35]} {[%emt 00:00:10]}
41. Rb6 {[%clk 00:00:36]} {[%emt 00:00:24]} Rxf2 {[%clk 00:02:18]} {[%emt
00:00:27]} 42. Rxc6+ {[%clk 00:00:45]} {[%emt 00:00:02]} Ke5 {[%clk 00:02:27]}
43. a4 {[%clk 00:00:49]} {[%emt 00:00:06]} Ra2 {[%clk 00:02:33]} {[%emt
00:00:04]} 44. Ra6 {[%clk 00:00:57]} {[%emt 00:00:02]} f5 {[%clk 00:02:34]}
{[%emt 00:00:08]} 45. Ra8 {[%clk 00:01:02]} {[%emt 00:00:05]} f4 {[%clk
00:02:29]} {[%emt 00:00:15]} 46. a5 {[%clk 00:00:53]} {[%emt 00:00:19]} f3
{[%clk 00:02:21]} {[%emt 00:00:18]} 47. Rf8 {[%clk 00:00:57]} {[%emt 00:00:06]}
Rxa5 {[%clk 00:02:07]} {[%emt 00:00:13]} 1/2-1/2